Last Movie Posters Quiz Stats

 Plays Quiz Updated Apr 26, 2018

Score 0/18 Timer 04:00
1 Play Today
% Correct
The Last Samurai
90.3%
X-Men: The Last Stand
85.3%
Last Vegas
82.5%
The Last of the Mohicans
79.7%
The Last Exorcism
76%
The Last Days of Disco
74.5%
The Last King of Scotland
74%
The Last Song
72%
Last Chance Harvey
67.7%
% Correct
The Last Picture Show
67.5%
Last Action Hero
64%
Save the Last Dance
63%
The Last Starfighter
62.5%
The Last Mimzy
61.1%
The Last Boy Scout
61.1%
The Last Castle
53.7%
The Last Airbender
46.1%
The Last Stand
39%

You're not logged in!

Compare scores with friends on all Sporcle quizzes.
OR
Log In

You Might Also Like...

Show Comments

Extras

Top Quizzes Today


Score Distribution

Your Account Isn't Verified!

In order to create a playlist on Sporcle, you need to verify the email address you used during registration. Go to your Sporcle Settings to finish the process.

Report this User

Report this user for behavior that violates our Community Guidelines.

Details: